Responses for Show #6011 - Monday, November 1, 2010

Contestants

[<< previous game]

Silvio Menzano, a psychologist and university counseling center director from Washington, D.C.

Molly Adams, a radio host and producer from Chicago, Illinois

Marie Braden, a customer service representative from Tempe, Arizona (whose 1-day cash winnings total $24,800)

[next game >>]

Jeopardy! Round responses

ARCHITECTURE
SINGLE-NAMED SINGERS' LAST NAMES
MAKES SENSE
MUSHROOMS
IN THE CLOSET
NICE "AB"s!
    $200 24
Frank Lloyd Wright

Molly
    $200 1
Prince

Molly
    $200 8
meteors

Triple Stumper
    $200 21
a cap

Molly
    $200 6
walk-in

Molly
    $200 12
abominable

Marie
    $400 25
(Alex: Less than a minute to go, now.)

a gable

Molly
    $400 2
Selena

Molly
    $400 9
a zebra

Silvio
    $400 22
toadstool

Marie
    $400 7
a wedding dress

Silvio
    $400 13
abandon

Marie
    $600 30
a Doric

Molly
    $600 3
Rihanna

Molly
    $600 10
(Molly: What is the United States?)
...
(Alex: What is [*]? You can see them both from the same spot.)

Panama

Molly
Triple Stumper
    $600 23
fungus

Marie
    $600 11
organizer

Marie
    $600 14
(Molly: What is abbey, [*]?)
(Alex: No. [Looks at judges] Well, all right, you corrected yourself in time. Hey, [*], yes.)

abbot

Molly
    $800 29
a rose window

Molly
    $800 4
Donovan

Molly
    $800 19
the Coffee Party

Molly
    $800 26
shiitake

Marie
    $800 17
Dockers

Marie
    $800 15
about face

Marie
    $1000 28
the Crystal Palace

Triple Stumper
    $1000 5
Usher

Molly
    $2,000 20
1492

Molly
    $1000 27
a button mushroom

Silvio
    $1000 18
shoe trees

Marie
    $1000 16
abalone

Marie

Scores at the first commercial break (after clue 16):

Marie Molly Silvio
$3,000 $3,200 $800

Scores at the end of the Jeopardy! Round:

Marie Molly Silvio
$6,600 $8,200 $1,800

Double Jeopardy! Round responses

MIKHAIL GORBACHEV
FILL IN THE TV TITLE
"NEW" GEOGRAPHY
IT'S HYPHENATED
A NOVEL SUM-UP
FRONTWORDS & BACKWORDS
(Alex: Each correct response will consist of two words--one of them being exactly the reverse of the other one.)
    $400 24
(Alex: He went to [*] State University. Less than a minute to go.)

Moscow

Triple Stumper
    $400 1
American Teenager

Molly
    $400 8
(Marie: What is Newfoundland?)

New Brunswick

MarieMolly
    $400 21
a no-hitter

Silvio
    $400 2
Don Quixote

Molly
    $400 12
edit/tide

Marie
    $800 25
(Marie: [*].)
(Alex: Sorry. Molly.)
(Molly: What is [*]?)
(Alex: Yes, you realized, Marie, you didn't phrase it in the form of a question in this round of play.)

the Nobel Peace Prize

MarieMolly
    $800 4
White Collar

Silvio
    $800 14
New Delhi

Molly
    $800 22
red-eye gravy

Silvio
    $800 3
Robinson Crusoe

Silvio
    $800 13
gut/tug

Molly
    $1200 5
Drag Race

Silvio
    $1200 15
New Amsterdam

Marie
    $1200 23
all-terrain

Molly
    $1200 9
(Silvio: What is Jane Eyre?)

Sense and Sensibility

Silvio
Triple Stumper
    $1200 20
mug/gum

Marie
    $1600 6
(Marie: what is Nature?)

Target

Marie
Triple Stumper
    $1600 17
Newcastle

Marie
    $1600 26
Kon-Tiki

Marie
    $1600 10
The Maltese Falcon

Silvio
    $1600 19
flow/wolf

Triple Stumper
    $2000 7
Unexpected

Triple Stumper
    $2000 18
(Molly: What is Papua New Guinea?)

New Guinea

MollySilvio
    $2000 27
(Molly: What is the Cooper Union?)
[The end-of-round signal sounds.]

Hewitt

Molly
Triple Stumper
    $3,000 11
(Silvio: What is The Age of Innocence?)

Portnoy's Complaint

Silvio
    $2000 16
drab/bard

Molly

Scores at the end of the Double Jeopardy! Round:

Marie Molly Silvio
$9,800 $11,000 $5,200

[wagering suggestions for these scores]

Final Jeopardy! Round responses

BUSINESS PAIRINGS
SilvioWhat is Daimler-Chrysler?
$5,100
MarieWhat is Enron?
$9,798
MollyWhat was my score before
$8,601
Daimler-Chrysler

Final scores:

Marie Molly Silvio
$2 $2,399 $10,300
3rd place: $1,000 2nd place: $2,000 New champion: $10,300

Game dynamics:

Coryat scores:

Marie Molly Silvio
$9,800 $10,000 $8,200
15 R,
3 W
22 R
(including 1 DD),
3 W
10 R,
2 W
(including 1 DD)

Combined Coryat: $28,000

[game clues] [game scores] [suggest correction]

Game tape date: 2010-08-24
The J! Archive is created by fans, for fans. Scraping, republication, monetization, and malicious use prohibited; this site may use cookies and collect identifying information. See terms. The Jeopardy! game show and all elements thereof, including but not limited to copyright and trademark thereto, are the property of Jeopardy Productions, Inc. and are protected under law. This website is not affiliated with, sponsored by, or operated by Jeopardy Productions, Inc. Join the discussion at JBoard.tv.